| 000 | 00394nam a22001457a 4500 | ||
|---|---|---|---|
| 999 |
_c144569 _d144569 |
||
| 082 |
_aM803 _bPKR/O |
||
| 100 | _aP K R Warrier | ||
| 245 |
_aOru Sarjante Ormakkkurippukal/ _cby P K R Warrier |
||
| 260 |
_aKottayam: _bSahitya Pravarthaka Cooperative Society, _c2000. |
||
| 300 | _a397p. | ||
| 650 | _aMemoirs Malayalam | ||
| 650 | _aLiterature Malayalam | ||
| 650 | _aLiterature | ||
| 942 | _cBK | ||